Detalles MARC
| 000 -ENCABEZADO |
| Número de control [NR] |
01467nam a2200241Ia 4500 |
| 008 - DE LONGITUD FIJA DE DATOS DE ELEMENTOS - INFORMACIÓN GENERAL |
| Elementos de longitud fija [NR] |
130821s1940 xxua gs mul |
| 040 ## - FUENTE DE CATALOGACION [NR] |
| Agencia de catalogación original [NR] |
Co-BoUCM |
| Idioma de catalogación [NR] |
spa |
| 041 00 - CODIGO DE IDIOMA [R] |
| Código de idioma para texto/pista de sonido o título separado [R] |
|
| 245 00 - MENCION DE TITULO [NR] |
| Título [NR] |
His girl friday |
| Mención de responsabilidad, etc. [NR] |
[DVD] |
| 246 ## - FORMA VARIANTE DEL TITULO [R] |
| Título propiamente dicho/forma breve del título [NR] |
Luna nueva |
| Medio físico [NR] |
[DVD] |
| 260 ## - PUBLICACION, DISTRIBUCION, ETC. (PIE DE IMPRENTA) [R] |
| Lugar de publicación, distribución, etc. [R] |
Washington D.C. (Estados Unidos) |
| Nombre del editor, distribuidor, etc. [R] |
Sony Pictures |
| Fecha de publicación, distribución, etc. [R] |
1940 |
| 300 ## - DESCRIPCION FISICA [R] |
| Extensión [R] |
1 DVD |
| Otros detalles físicos [NR] |
son. color |
| 500 ## - NOTA GENERAL [R] |
| Nota general [NR] |
No fué posible obtener copia del DVD. |
| 508 ## - NOTA DE CREDITOS DE CREACION/PRODUCCION [R] |
| Nota de créditos de creación/producción [NR] |
Dirección : Howard Hawks ; guión : Charles Lederer (Remake: Ben Hecht & Charles MacArthur) |
| 511 ## - NOTA DE PARTICIPANTE O INTERPRETE [R] |
| Nota de participante o intérprete [NR] |
Cary Grant, Rosalind Russell, Ralph Bellamy, Gene Lockhart, Porter Hall, Ernest Truex, Cliff Edwards, Clarence Kolb, Roscoe Karns, Frank Jenks, Regis Toomey, Abner Biberman, Frank Orth, John Qualen, Helen Mack, Alma Kruger, Billy Gilbert, Pat West, Edwin Maxwell |
| 520 ## - NOTA DE RESUMEN, ETC. [R] |
| Nota de sumario, etc. [NR] |
SINOPSIS: Cuando Hildy Johnson, la mejor reportera del Morning Post, anuncia que va a dejar el periodismo para dedicarse a las labores del hogar junto a su estirado prometido, Walter Burns, editor del periódico y ex-marido de Hildy, utiliza todos los medios a su alcance para retenerla en el periódico y, de paso, para volver a conquistar su corazón. |
| 546 ## - NOTA DE IDIOMA [R] |
| Nota de idioma [NR] |
Audio en alemán, inglés, español, italiano ; subtítulos en alemán, inglés, español, italiano |
| 650 04 - ASIENTO SECUNDARIO DE MATERIA - TERMINO TEMATICO [R] |
| Término temático o nombre geográfico como elemento de entrada [NR] |
Entretenimiento |
| 9 (RLIN) |
26487 |
| 650 04 - ASIENTO SECUNDARIO DE MATERIA - TERMINO TEMATICO [R] |
| Término temático o nombre geográfico como elemento de entrada [NR] |
Periodismo |
| Subdivisión de forma [R] |
DVD |
| 9 (RLIN) |
7909 |
| 650 04 - ASIENTO SECUNDARIO DE MATERIA - TERMINO TEMATICO [R] |
| Término temático o nombre geográfico como elemento de entrada [NR] |
Periodistas |
| Subdivisión de forma [R] |
DVD |
| 9 (RLIN) |
21366 |
| 765 ## - ASIENTO DE IDIOMA ORIGINAL [R] |
| Asiento principal [NR] |
Luna nueva |
| 942 ## - ELEMENTOS DE ENTRADA AGREGADOS (KOHA) |
| Tipo de ítem principal el descrito en 300a |
Multimedia |
| Sistema de clasificación |
LOCAL |
| Tema principal |
Entretenimiento |
| Edición |
1 |